| 000 | 00756cab a2200229 4500 | ||
|---|---|---|---|
| 001 | WB3106-11 | ||
| 008 | 090401t1995 xxu||||| |||| 00| 0 eng d | ||
| 035 | _a(Sirsi) u70407 | ||
| 041 | _aeng | ||
| 245 | _aHigh street vacancies | ||
| 260 | _c1995 | ||
| 350 | _a0 | ||
| 490 |
_aFinancial Times _v10 February 1995, 28(1) |
||
| 520 | _aThe announced closure of Rumbelows and the collapse of the Athena chain will dramatically increase the vacancy rate of retail units in the high street. | ||
| 650 | _aEMPTY SHOPS | ||
| 650 | _aHIGH STREETS | ||
| 650 | _aPROSPECTS | ||
| 650 | _aPROPERTY-COMMERCIAL PROPERTY-RETAIL PROPERTY-RETAIL PROPERTY MARKET | ||
| 690 | _aPROPERTY-COMMERCIAL PROPERTY-RETAIL PROPERTY | ||
| 942 | _n0 | ||
| 948 | _c04/03/1997 | ||
| 999 |
_c44273 _d44273 |
||